El señor de los deseos / (Registro nro. 4066)
[ vista simple ]
| 000 -LEADER | |
|---|---|
| fixed length control field | 01224nam a2200277Ia 4500 |
| 003 - CONTROL NUMBER IDENTIFIER | |
| control field | OSt |
| 005 - DATE AND TIME OF LATEST TRANSACTION | |
| control field | 20250711122804.0 |
| 008 - FIXED-LENGTH DATA ELEMENTS--GENERAL INFORMATION | |
| fixed length control field | 191128s2002 ck a cr 000 f spa d |
| 020 ## - INTERNATIONAL STANDARD BOOK NUMBER | |
| International Standard Book Number | 9580433992 |
| 040 ## - CATALOGING SOURCE | |
| Original cataloging agency | CO-JMCR |
| Transcribing agency | CO-JMCR |
| 041 ## - LANGUAGE CODE | |
| Language code of text/sound track or separate title | spa |
| 082 04 - DEWEY DECIMAL CLASSIFICATION NUMBER | |
| Classification number | J-N |
| Item number | BRIsh |
| 100 1# - MAIN ENTRY--PERSONAL NAME | |
| Personal name | Britain, Bill, |
| Relator term | autor |
| 9 (RLIN) | 6372 |
| 245 13 - TITLE STATEMENT | |
| Title | El señor de los deseos / |
| Statement of responsibility, etc. | Bill Britain ; traducción María Clemencia Venegas ; ilustraciones Daniela Violi |
| 260 ## - PUBLICATION, DISTRIBUTION, ETC. | |
| Name of publisher, distributor, etc. | Bogotá : |
| Place of publication, distribution, etc. | Norma, |
| Date of publication, distribution, etc. | 2002 |
| 300 ## - PHYSICAL DESCRIPTION | |
| Extent | 190 páginas : |
| Other physical details | ilustraciones en blanco y negro ; |
| Dimensions | 19 cm. |
| 490 0# - SERIES STATEMENT | |
| Series statement | Torre de papel. Torre amarilla |
| 500 ## - GENERAL NOTE | |
| General note | Recomendada a partir de los 11 años. |
| 505 ## - FORMATTED CONTENTS NOTE | |
| Formatted contents note | El extraño hombrecito -- Croac, croac -- El hombre árbol -- Agua, por todos lados -- Epílogo -- En el almacén de Albán Albóndiga |
| 520 ## - SUMMARY, ETC. | |
| Summary, etc. | En Coven Tree aparece un extraño hombrecito que asegura que puede convertir los deseos en realidad. Tres jóvenes, Polly, Rowena y Adam, formulan sus ddeseos sin sospechar que la vida les va a complicar. |
| 534 ## - ORIGINAL VERSION NOTE | |
| Introductory phrase | The wish giver |
| 650 14 - SUBJECT ADDED ENTRY--TOPICAL TERM | |
| Topical term or geographic name entry element | Novela juvenil |
| 9 (RLIN) | 6373 |
| 700 ## - ADDED ENTRY--PERSONAL NAME | |
| Personal name | Venegas, María Clemencia, |
| Relator term | traductora |
| 9 (RLIN) | 6374 |
| 700 ## - ADDED ENTRY--PERSONAL NAME | |
| Personal name | Violi, Daniela, |
| Relator term | ilustradora |
| 9 (RLIN) | 1356 |
| 942 ## - ADDED ENTRY ELEMENTS (KOHA) | |
| Source of classification or shelving scheme | Dewey Decimal Classification |
| Koha item type | Books |
| Withdrawn status | Lost status | Source of classification or shelving scheme | Damaged status | Not for loan | Collection code | Home library | Current library | Date acquired | Source of acquisition | Cost, normal purchase price | Total Checkouts | Full call number | Barcode | Date last seen | Date last checked out | Copy number | Koha item type |
|---|---|---|---|---|---|---|---|---|---|---|---|---|---|---|---|---|---|
| Dewey Decimal Classification | Fiction | Biblioteca Pública José María del Castillo y Rada | Biblioteca Pública José María del Castillo y Rada | 11/28/2019 | Donación | 0.00 | 2 | J-N BRIsh | 201808864 | 07/03/2024 | 07/03/2024 | Ej.1 | Books |